Normal view
MARC view
- ISLAM-JISM-O-HOO MUQADDAS (SAWAWS)
Entry Topical Term
001 - CONTROL NUMBER
- control field: 66313
003 - CONTROL NUMBER IDENTIFIER
- control field: NUST
005 - DATE AND TIME OF LATEST TRANSACTION
- control field: 20210628203553.0
008 - FIXED-LENGTH DATA ELEMENTS
- fixed length control field: 210628|| aca||aabn | a|a d
040 ## - CATALOGING SOURCE
- Original cataloging agency: NUST
- Transcribing agency: NUST
150 ## - HEADING--TOPICAL TERM
- Topical term or geographic name entry element: ISLAM-JISM-O-HOO MUQADDAS (SAWAWS)
670 ## - SOURCE DATA FOUND
- Source citation: Work cat.: (NUST): Rana Riffat Saeed 66312, Jism-o-hoo muqaddas (sawaws), 2000
